Homogeneous catalysis:mechanisms and industrial applications (Record no. 1213257)

MARC details
000 -LEADER
fixed length control field 01046nam a2200301Ia 4500
003 - CONTROL NUMBER IDENTIFIER
control field OSt
005 - DATE AND TIME OF LATEST TRANSACTION
control field 20221007124242.0
008 - FIXED-LENGTH DATA ELEMENTS--GENERAL INFORMATION
fixed length control field 221006b |||||||| |||| 00| 0 eng d
020 ## - INTERNATIONAL STANDARD BOOK NUMBER
International Standard Book Number 0471372218 (hbd)
037 ## - SOURCE OF ACQUISITION
Terms of availability Textbook
040 ## - CATALOGING SOURCE
Original cataloging agency CDL
Transcribing agency CDL
Language of cataloging eng
041 ## - LANGUAGE CODE
Source of code eng
Language code of text/sound track or separate title eng
100 ## - MAIN ENTRY--PERSONAL NAME
Personal name Bhaduri Sumit
9 (RLIN) 718771
245 #0 - TITLE STATEMENT
Title Homogeneous catalysis:mechanisms and industrial applications
Remainder of title Mukesh Doble
260 ## - PUBLICATION, DISTRIBUTION, ETC.
Place of publication, distribution, etc. New
Name of publisher, distributor, etc. York Wiley-Interscience
Date of publication, distribution, etc. 2000
300 ## - PHYSICAL DESCRIPTION
Extent xiv, 239p.
Dimensions cm.
500 ## - GENERAL NOTE
General note Includes bibliographical references.; 'Index 233-239p.
650 ## - SUBJECT ADDED ENTRY--TOPICAL TERM
Topical term or geographic name entry element Catalysis
9 (RLIN) 717744
650 ## - SUBJECT ADDED ENTRY--TOPICAL TERM
Topical term or geographic name entry element Catalysis-industrial applications
9 (RLIN) 718772
650 ## - SUBJECT ADDED ENTRY--TOPICAL TERM
Topical term or geographic name entry element Chemistry
700 ## - ADDED ENTRY--PERSONAL NAME
Personal name Mukesh Doble
9 (RLIN) 718773
942 ## - ADDED ENTRY ELEMENTS (KOHA)
Classification part E:88, P0 Carc
Koha item type Textbook
Source of classification or shelving scheme Colon Classification (CC)
Holdings
Withdrawn status Lost status Source of classification or shelving scheme Damaged status Not for loan Home library Current library Date acquired Source of acquisition Total Checkouts Full call number Barcode Date last seen Price effective from Koha item type
    Colon Classification (CC)     Department of Chemistry Library Department of Chemistry Library 2022-10-07 2202, 22/02/2011, Educational Book Agency (India)   E:88 P0 Carc CD0008215 2022-10-07 2022-10-07 Textbook
Copyright @ Delhi University Library System